| 000 | 00591nam a2200205Ia 4500 | ||
|---|---|---|---|
| 003 | OSt | ||
| 005 | 20250312114509.0 | ||
| 008 | 210210b1997 xxu||||| |||| 00| 0 eng d | ||
| 040 | _cAL | ||
| 041 | _aKannada | ||
| 082 | _aK894.4 PATP | ||
| 100 |
_aPATILA PUTTAPPA. _9138988 _dಪಾಟೀಲ ಪುಟ್ಟಪ್ಪ |
||
| 245 |
_aPa.Pu. prapancha. S4. _bಪಾಪು ಪ್ರಪಂಚ : ಸಂ ೪ |
||
| 260 |
_aBengaluru _bE B S Pablishars Distributars _c1997 |
||
| 300 | _avii,337 | ||
| 440 |
_a4 _9138989 |
||
| 690 |
_aKannada Prose _9138990 |
||
| 906 | _a052509 | ||
| 942 |
_2ddc _cBK |
||
| 999 |
_c100755 _d100755 |
||